King of hunters, warriors, and shepherds : (Record no. 1848578)
[ view plain ]
| 000 -LEADER | |
|---|---|
| fixed length control field | 00679cam a2200205 a 4500 |
| 003 - CONTROL NUMBER IDENTIFIER | |
| control field | OSt |
| 005 - DATE AND TIME OF LATEST TRANSACTION | |
| control field | 20260427153029.0 |
| 008 - FIXED-LENGTH DATA ELEMENTS--GENERAL INFORMATION | |
| fixed length control field | 981001s1997 ii a b 001 0 eng |
| 020 ## - INTERNATIONAL STANDARD BOOK NUMBER | |
| International Standard Book Number | 8173040184 |
| 040 ## - CATALOGING SOURCE | |
| Transcribing agency | HDL |
| 041 ## - LANGUAGE CODE | |
| Language code of text/sound track or separate title | eng |
| 082 00 - DEWEY DECIMAL CLASSIFICATION NUMBER | |
| Classification number | 294.52113 N7 |
| 100 1# - MAIN ENTRY--PERSONAL NAME | |
| Personal name | Sontheimer, Günther-Dietz. |
| 9 (RLIN) | 1232118 |
| 245 10 - TITLE STATEMENT | |
| Title | King of hunters, warriors, and shepherds : |
| Remainder of title | essays on Khaṇḍobā / |
| Statement of responsibility, etc. | Günther-Dietz Sontheimer ; edited by Anne Feldhaus, Aditya Malik, Heidrun Brückner. |
| 260 ## - PUBLICATION, DISTRIBUTION, ETC. | |
| Place of publication, distribution, etc. | New Delhi : |
| Name of publisher, distributor, etc. | Indira Gandhi National Centre for the Arts : |
| -- | Manohar, |
| Date of publication, distribution, etc. | 1997. |
| 300 ## - PHYSICAL DESCRIPTION | |
| Extent | 353 p. |
| 651 ## - SUBJECT ADDED ENTRY--GEOGRAPHIC NAME | |
| Source of heading or term | Hunter |
| Geographic name | India |
| 942 ## - ADDED ENTRY ELEMENTS (KOHA) | |
| Source of classification or shelving scheme | Colon Classification (CC) |
| Koha item type | Textual |
| Suppress in OPAC | No |
| Withdrawn status | Lost status | Source of classification or shelving scheme | Damaged status | Not for loan | Home library | Current library | Date acquired | Total Checkouts | Date last seen | Price effective from | Koha item type |
|---|---|---|---|---|---|---|---|---|---|---|---|
| Colon Classification (CC) | Department of History Library | Department of History Library | 2026-04-27 | 2026-04-27 | 2026-04-27 | Textual |
